Computer Components - Statistics

General Stats
  • This quiz has been taken 914 times
  • The average score is 6 of 8
Answer Stats
Hint Answer % Correct
MTHREO DBOARD Mother board
99%
MRA RAM
98%
DC IVRDE CD Drive
84%
PREWO PLUSPY Power supply
77%
Mnitro Monitor
76%
BUS TPRO USB Port
73%
CUPMERTO Computer
64%
BLESAC Cables
54%
No matching quizzes found
Score Distribution
Percent of People with Each Score
Percentile by Number Answered
Your Score History
You have not taken this quiz